| 000 | 004950000a22001930004500 | ||
|---|---|---|---|
| 003 | LK-CoMWRAF | ||
| 008 | 230817t ||||| |||| 00| 0 eng d | ||
| 020 | _a8123200625 | ||
| 040 |
_aLK-CoMWRAF _dLK-CoMWRAF _eLK-CoMWRAF |
||
| 041 | _aeng | ||
| 082 |
_a150 _bMOU |
||
| 100 | _aMoududi, Moulana Syed Abdul A'la | ||
| 245 |
_aIslaathil Manitha Urimaigal _b |
||
| 260 |
_aChennai _bIslamic Foundation Trust |
||
| 300 | _ap.96 | ||
| 650 | _ahuman rights in Islam | ||
| 650 | _aTamil | ||
| 942 | _cBK | ||
| 999 |
_c150 _d150 |
||